000
00327nam a2200133Ia 4500
008
190216s9999||||xx |||||||||||||| ||und||
100
_a
Harvey E. White
245
0
_a
Modern College Physics
250
_a
6th Ed.
260
_b
"C B S Publishers And Distributers,"
_c
1987
300
_a
1108
650
_a
Physics
942
_c
BK
999
_c
33117
_d
33117